Golden Globe Award for Best Supporting Actor – Motion Picture - Statistics

General Stats
  • This quiz has been taken 16 times
  • The average score is 18 of 75
Answer Stats
Year Actor % Correct
1995 Brad Pitt
82%
1992 Gene Hackman
73%
2005 George Clooney
73%
1983 Jack Nicholson
73%
1999 Tom Cruise
73%
2010 Christian Bale
64%
2008 Heath Ledger
64%
1987 Sean Connery
64%
2007 Javier Bardem
55%
2003 Tim Robbins
55%
1993 Tommy Lee Jones
45%
2002 Chris Cooper
36%
2012 Christoph Waltz
36%
2009 Christoph Waltz
36%
1989 Denzel Washington
36%
1996 Edward Norton
36%
2013 Jared Leto
36%
2014 J. K. Simmons
36%
1976 Laurence Olivier
36%
1979 Robert Duvall
36%
2015 Sylvester Stallone
36%
2000 Benicio del Toro
27%
2006 Eddie Murphy
27%
1998 Ed Harris
27%
1953 Frank Sinatra
27%
1991 Jack Palance
27%
2001 Jim Broadbent
27%
1982 Louis Gossett Jr.
27%
1994 Martin Landau
27%
1988 Martin Landau
27%
1980 Timothy Hutton
27%
1971 Ben Johnson
18%
1997 Burt Reynolds
18%
2011 Christopher Plummer
18%
2004 Clive Owen
18%
1974 Fred Astaire
18%
1984 Haing S. Ngor
18%
1979 Melvyn Douglas
18%
1951 Peter Ustinov
18%
1957 Red Buttons
18%
2016 Aaron Taylor-Johnson
9%
1943 Akim Tamiroff
9%
1955 Arthur Kennedy
9%
1944 Barry Fitzgerald
9%
1990 Bruce Davison
9%
1958 Burl Ives
9%
1946 Clifton Webb
9%
1968 Daniel Massey
9%
1956 Earl Holliman
9%
1964 Edmond O'Brien
9%
1954 Edmond O'Brien
9%
1950 Edmund Gwenn
9%
1947 Edmund Gwenn
9%
1961 George Chakiris
9%
1969 Gig Young
9%
1949 James Whitmore
9%
1945 J. Carrol Naish
9%
1972 Joel Grey
9%
1981 John Gielgud
9%
1973 John Houseman
9%
1978 John Hurt
9%
1963 John Huston
9%
1970 John Mills
9%
1985 Klaus Maria Brandauer
9%
1952 Millard Mitchell
9%
1962 Omar Sharif
9%
1965 Oskar Werner
9%
1977 Peter Firth
9%
1967 Richard Attenborough
9%
1966 Richard Attenborough
9%
1975 Richard Benjamin
9%
1960 Sal Mineo
9%
1959 Stephen Boyd
9%
1986 Tom Berenger
9%
1948 Walter Huston
9%
No matching quizzes found
Score Distribution
Percent of People with Each Score
Percentile by Number Answered
Your Score History
You have not taken this quiz